00393nam a2200157Ia 45000010006000000050017000060080041000230410008000640820017000721000025000892450065001142600009001793000031001886500008002196540008002271757420260306171527.0260306s9999||||xx |||||||||||||| ||und|| aESP a658.049bB18 aBall, Donald A.eAUT 0aInternational business:bthe challenge of global competition c1996 a673 páginas :il.c28 cm. aGEN aCAN